| 000 | 00557nam a22001817a 4500 | ||
|---|---|---|---|
| 999 |
_c169481 _d169481 |
||
| 005 | 20191121142257.0 | ||
| 010 | _aENG-126960 | ||
| 020 |
_a9789383657537 _c30.00 |
||
| 035 | _aEN-110492 | ||
| 037 | _bDBAD/PUB | ||
| 082 | _a101 | ||
| 100 | _aNielsen, Kai | ||
| 245 |
_aPhilosophy as critical theory / _cby Kai Nielsen |
||
| 260 |
_aNew Delhi _bCritical Quest _c2019 |
||
| 270 |
_a420, G/Block, Phase VI , Aya Nagar _bNew Delhi _e110047 _k9910036543 _mcriticalquest@gmail.com |
||
| 300 |
_a31p. _c21cm(pbk) |
||
| 942 |
_2ddc _cEN _h101 _mNIE |
||